Power system analysis (Record no. 1347)

000 -LEADER
fixed length control field 00590nam a2200229 a 4500
001 - CONTROL NUMBER
control field 1347
003 - CONTROL NUMBER IDENTIFIER
control field BD-DhUET
008 - FIXED-LENGTH DATA ELEMENTS--GENERAL INFORMATION
fixed length control field 931008s1994 nyua 001 0 eng
020 ## - INTERNATIONAL STANDARD BOOK NUMBER
International Standard Book Number 0070585156
020 ## - INTERNATIONAL STANDARD BOOK NUMBER
International Standard Book Number 0071133380
040 ## - CATALOGING SOURCE
Original cataloging agency DLC
Transcribing agency DLC
Modifying agency BD-DhUET
082 00 - DEWEY DECIMAL CLASSIFICATION NUMBER
Classification number 623.19
Item number GRA/1994
100 1# - MAIN ENTRY--PERSONAL NAME
Personal name Grainger, John J.
245 10 - TITLE STATEMENT
Title Power system analysis
250 ## - EDITION STATEMENT
Edition statement 1st ed.
260 ## - PUBLICATION, DISTRIBUTION, ETC. (IMPRINT)
Place of publication, distribution, etc. New York
Name of publisher, distributor, etc. McGraw-Hill
Date of publication, distribution, etc. 1994
300 ## - PHYSICAL DESCRIPTION
Extent xix, 787 p.
Other physical details ill.
504 ## - BIBLIOGRAPHY, ETC. NOTE
Bibliography, etc Includes bibliographies
650 #0 - SUBJECT ADDED ENTRY--TOPICAL TERM
Topical term or geographic name as entry element Electric power systems-Management
700 1# - ADDED ENTRY--PERSONAL NAME
Personal name Stevenson, William D.
942 ## - ADDED ENTRY ELEMENTS (KOHA)
Koha item type General Book
Holdings
Koha normalized classification for sorting Koha date last borrowed Copy number Source of classification or shelving scheme Koha date last seen Koha issues (times borrowed) Sublocation or collection (holding branch) Shelving location Koha renewals Piece designation (barcode) Koha out on loan Koha item type Damaged status Price effective from Date acquired Location (home branch) Withdrawn status Koha full call number Not for loan Lost status
623_000000000000000_19GRA19942024-03-041 2024-06-015Central Library, BUETCirculation section 103960 General Book 2014-09-032014-09-03Central Library, BUET 623.19/GRA/1994  
623_000000000000000_19GRA19942019-05-062 2020-01-141Central Library, BUETCirculation section 103961 General Book 2014-09-032014-09-03Central Library, BUET 623.19/GRA/1994  
623_000000000000000_19GRA19942025-07-133 2025-11-033Central Library, BUETCirculation section1103962 General Book 2014-09-032014-09-03Central Library, BUET 623.19/GRA/1994  
623_000000000000000_19GRA19942019-10-214 2025-04-221Central Library, BUETCirculation section 103963 General Book 2014-09-032014-09-03Central Library, BUET 623.19/GRA/1994  
623_000000000000000_19GRA19942023-11-275 2023-11-271Central Library, BUETCirculation section 1039642023-12-11General Book 2014-09-032014-09-03Central Library, BUET 623.19/GRA/1994  
623_000000000000000_19GRA1994 6 2016-01-26 Central Library, BUETCirculation section 103965 General Book 2014-09-032014-09-03Central Library, BUET 623.19/GRA/1994  
623_000000000000000_19GRA19942021-02-137 2021-12-131Central Library, BUETCirculation section2103966 General Book 2014-09-032014-09-03Central Library, BUET 623.19/GRA/1994  
623_000000000000000_19GRA19942022-02-068 2022-02-062Central Library, BUETCirculation section 1039672023-02-06General Book 2014-09-032014-09-03Central Library, BUET 623.19/GRA/1994  
623_000000000000000_19GRA19942025-05-039 2025-05-035Central Library, BUETCirculation section 1039682025-05-17General Book 2014-09-032014-09-03Central Library, BUET 623.19/GRA/1994  
623_190000000000000_GRA_1994 10 2015-06-21 Central Library, BUETReading section 89529 Reading Item 2015-06-212015-06-21Central Library, BUET 623.19/GRA/1994  
623_190000000000000_GRA_1994 11 2015-06-21 Central Library, BUETReading section 91138 Reading Item 2015-06-212015-06-21Central Library, BUET 623.19/GRA/1994  
623_190000000000000_GRA_1994 12 2015-07-02 Central Library, BUETReading section 90777 Reading Item 2015-07-022015-07-02Central Library, BUET 623.19/GRA/1994